L'Association des douanes allemander, son passé, son avenir (Record no. 156730)

MARC details
000 -LEADER
campo de control de longitud fija 00903nam a22001935i 4500
001 - NÚMERO DE CONTROL
campo de control 156730
003 - IDENTIFICADOR DE NÚMERO DE CONTROL
campo de control ES-MaACL
005 - FECHA Y HORA DE LA ÚLTIMA TRANSACCIÓN
campo de control 20251014063225.0
008 - DATOS DE LONGITUD FIJA--INFORMACIÓN GENERAL
campo de control de longitud fija 040806s1841 fr |||| | fre d
040 ## - FUENTE DE CATALOGACIÓN
Centro catalogador/agencia de origen CAM
Lengua de catalogación spa
Centro/agencia transcriptor CAM
100 1# - ENTRADA PRINCIPAL--NOMBRE DE PERSONA
Nombre de persona La Nourais, Prosper-Alexis de,
Fechas asociadas al nombre 1810-19..?
9 (RLIN) 128522
245 12 - MENCIÓN DEL TÍTULO
Título L'Association des douanes allemander, son passé, son avenir
Resto del título : oeuvre augmentée du tableau des tarifs comparés de l'association allemande et de ceux de douanes françaises et de trois cartes ... /
Mención de responsabilidad, etc. par P.-A. de La Nourais et E. Bères.
260 ## - PUBLICACIÓN, DISTRIBUCIÓN, ETC.
Lugar de publicación, distribución, etc. Paris :
Nombre del editor, distribuidor, etc. Paulin libraire-éditeur,
Fecha de publicación, distribución, etc. 1841 (
Fabricante Imprimerie de Schneider et Langrand)
300 ## - DESCRIPCIÓN FÍSICA
Extensión IX, 211 p., [4] h. pleg., [3] h. pleg. de mapa ;
Dimensiones 21 cm.
599 ## - NOTA A LAS ILUSTRACIONES
NOTA A LAS ILUSTRACIONES Las h. de mapa a color: "Lith. de L. Letronne"
650 #4 - PUNTO DE ACCESO ADICIONAL DE MATERIA--TÉRMINO DE MATERIA
Término de materia o nombre geográfico como elemento de entrada Aduanas-
Subdivisión geográfica Alemania.
9 (RLIN) 135509
852 ## - LOCALIZACIÓN
Ubicación ES-MaACL
Número de control de estantería C-3370
Nota libre -- Enc. hol.
Holdings
Estatus retirado Estado de pérdida Estado de daño No para préstamo Colección Biblioteca de origen Biblioteca actual Ubicación en estantería Fecha de adquisición Fuente de adquisición Total de préstamos Signatura topográfica completa Código de barras Visto por última vez Precio de reemplazo Tipo de ítem Koha
        Libros del s. XIX Biblioteca del Ateneo de Madrid Biblioteca del Ateneo de Madrid Sala Palomar 17/01/2008     C-3370 1163976 23/02/2023 23/02/2023 Libro impreso antiguo